Statistiques concernant Pays du monde 1h

Cliquez ici pour prendre le quiz!

Statistiques générales

  • Ce quiz a été pris 266 fois
  • Le résultat moyen est 166 sur 196

Réponses sur la Carte

Les réponses sont colorées sur une échelle allant du rouge au vert en fonction du pourcentage des utilisateurs qui les ont devinées à leur premier essai. Vous pouvez retrouver ces pourcentages ci-dessous.
 

Statistiques - réponses

Pays% Correct
Australie
96%
Brésil
96%
Canada
96%
Etats-Unis
96%
France
96%
Argentine
95%
Chili
95%
Mexique
95%
Nouvelle-Zélande
95%
Algérie
94%
Chine
94%
Cuba
94%
Danemark
94%
Irlande
94%
Islande
94%
Japon
94%
Maroc
94%
Norvège
94%
Royaume-Uni
94%
Russie
94%
Suède
94%
Tunisie
94%
Turquie
94%
Afrique du Sud
93%
Autriche
93%
Belgique
93%
Espagne
93%
Finlande
93%
Inde
93%
Italie
93%
Madagascar
93%
Portugal
93%
République démocratique
du Congo
93%
Suisse
93%
Allemagne
92%
Colombie
92%
Corée du Nord
92%
Corée du Sud
92%
Égypte
92%
Grèce
92%
Lituanie
92%
Pays-Bas
92%
Pologne
92%
République du Congo
92%
Ukraine
92%
Uruguay
92%
Albanie
91%
Arabie Saoudite
91%
Biélorussie
91%
Bulgarie
91%
Croatie
91%
Estonie
91%
Hongrie
91%
Indonésie
91%
Irak
91%
Iran
91%
Lettonie
91%
Macédoine du Nord
91%
Mongolie
91%
Paraguay
91%
Pérou
91%
Roumanie
91%
Slovaquie
91%
Viêt Nam
91%
Afghanistan
90%
Bolivie
90%
Bosnie-Herzégovine
90%
Slovénie
90%
Andorre
89%
Équateur
89%
Kazakhstan
89%
Laos
89%
Libye
89%
Luxembourg
89%
Mali
89%
Pakistan
89%
Panama
89%
République tchèque
89%
Somalie
89%
Soudan
89%
Syrie
89%
Thaïlande
89%
Venezuela
89%
Yémen
89%
Guinée
88%
Kosovo
88%
Niger
88%
Nigeria
88%
Serbie
88%
Émirats arabes unis
87%
Monténégro
87%
Ouzbékistan
87%
Côte d'Ivoire
86%
Guyana
86%
Israël
86%
Jamaïque
86%
Liechtenstein
86%
Malte
86%
Népal
86%
Papouasie-Nouvelle-
Guinée
86%
Qatar
86%
Sénégal
86%
Suriname
86%
Honduras
85%
Jordanie
85%
Malaisie
85%
Moldavie
85%
République dominicaine
85%
Angola
84%
Arménie
84%
Bangladesh
84%
Birmanie
84%
Cambodge
84%
Chypre
84%
Costa Rica
84%
Guatemala
84%
Kenya
84%
Monaco
84%
Oman
84%
Philippines
84%
Salvador
84%
Soudan du Sud
84%
Sri Lanka
84%
Taïwan
84%
Cameroun
83%
Tchad
83%
Turkménistan
83%
Vatican
83%
Zimbabwe
83%
Érythrée
82%
Kirghizistan
82%
Bahamas
81%
Belize
81%
Guinée équatoriale
81%
Koweït
81%
Liban
81%
Mauritanie
81%
Namibie
81%
Nicaragua
81%
Tadjikistan
81%
Tanzanie
81%
Togo
81%
Zambie
81%
Bhoutan
80%
Éthiopie
80%
Fidji
80%
Haïti
80%
République
Centrafricaine
80%
Rwanda
80%
Cap-Vert
79%
Géorgie
79%
Ghana
79%
Mozambique
79%
Saint-Marin
79%
Azerbaïdjan
78%
Botswana
78%
Burkina Faso
78%
Gabon
78%
Lesotho
78%
Seychelles
78%
Bénin
77%
Ouganda
77%
Vanuatu
77%
Brunei
76%
Gambie
76%
Guinée-Bissau
76%
Malawi
76%
Singapour
76%
Djibouti
75%
Liberia
75%
Burundi
74%
Île Maurice
74%
Sierra Leone
74%
Tonga
74%
Dominique
73%
Antigua-et-Barbuda
72%
Barbade
71%
Comores
71%
Micronésie
71%
Palaos
71%
Saint-Christophe-
et-Niévès
71%
Samoa
71%
Tuvalu
71%
Bahreïn
70%
Eswatini
70%
Îles Marshall
70%
Maldives
70%
Sainte-Lucie
69%
Saint-Vincent-et-les-
Grenadines
69%
Salomon
69%
Sao Tomé-et-Principe
69%
Kiribati
68%
Grenade
67%
Nauru
67%
Timor oriental
67%
Trinité-et-Tobago
66%

Distribution des résultats

Percentile par nombre de réponses

% des personnes avec chaque résultat

Votre développement - résultats

Vous n’avez pas pris ce quiz